Les Méga-évolutions dans Pokémon - Statistiques

Statistiques générales
  • Ce quiz a été pris 46 fois
  • Le résultat moyen est 62 sur 95
Statistiques - réponses
Hint Réponse % Correct
006 Méga Dracaufeu X
96%
006 Méga Dracaufeu Y
96%
003 Méga Florizarre
96%
018 Méga Roucarnage
96%
009 Méga Tortank
96%
015 Méga Dardargnan
92%
257 Méga Braségali
88%
149 Méga Dracolosse
88%
094 Méga Ectoplasma
88%
254 Méga Jungko
88%
115 Méga Kangourex
88%
260 Méga Laggron
88%
448 Méga Lucario
88%
150 Méga Mewtwo X
88%
150 Méga Mewtwo Y
88%
142 Méga Ptéra
84%
160 Méga Aligatueur
80%
445 Méga Carchacrok
80%
154 Méga Meganium
80%
026 Méga Raichu X
80%
026 Méga Raichu Y
80%
359 Méga Absol
76%
373 Méga Drattak
76%
302 Méga Ténéfix
76%
065 Méga Alakazam
72%
071 Méga Empiflor
72%
080 Méga Flagadoss
72%
475 Méga Gallame
72%
282 Méga Gardevoir
72%
130 Méga Léviator
72%
303 Méga Mysdibule
72%
531 Méga Nanméouie
72%
127 Méga Scarabrute
72%
208 Méga Steelix
72%
248 Méga Tyranocif
72%
658 Méga Amphinobi
68%
652 Méga Blindépique
68%
308 Méga Charmina
68%
212 Méga Cizayox
68%
719 Méga Diancie
68%
655 Méga Goupelin
68%
380 Méga Latias
68%
381 Méga Latios
68%
428 Méga Lockpin
68%
376 Méga Métalosse
68%
214 Méga Scarhino
68%
121 Méga Staross
68%
227 Méga Airmure
64%
229 Méga Démolosse
64%
670 Méga Floette
64%
448 Méga Lucario Z
64%
478 Méga Momartik
64%
362 Méga Oniglali
64%
181 Méga Pharamp
64%
384 Méga Rayquaza
64%
500 Méga Roitiflam
64%
359 Méga Absol Z
60%
334 Méga Altaria
60%
445 Méga Carchacrok Z
60%
491 Méga Darkrai
60%
780 Méga Draïeul
60%
310 Méga Elecsprint
60%
485 Méga Heatran
60%
036 Méga Mélodelfe
60%
718 Méga Zygarde
60%
383 Primo Groudon
60%
382 Primo Kyogre
60%
460 Méga Blizzaroi
56%
306 Méga Galeking
56%
870 Méga Hexadron
56%
319 Méga Sharpedo
56%
354 Méga Branette
52%
323 Méga Camérupt
52%
998 Méga Glaivodo
52%
530 Méga Minotaupe
52%
604 Méga Ohmassacre
52%
545 Méga Brutapode
48%
398 Méga Etouraptor
48%
970 Méga Floréclat
48%
689 Méga Golgopathe
48%
691 Méga Kravarech
48%
668 Méga Némélios
48%
560 Méga Baggaïd
44%
701 Méga Brutalibré
44%
358 Méga Eoko
44%
609 Méga Lugulabre
44%
801 Méga Magearna
44%
678 Méga Mistigrix
44%
807 Méga Zeraora
44%
740 Méga Crabominable
40%
978 Méga Nigirigon
40%
687 Méga Sépiatroce
40%
623 Méga Golemastoc
36%
768 Méga Sarmuraï
36%
952 Méga Scovilain
36%
Aucun quiz correspondant
Distribution des résultats
% des personnes avec chaque résultat
Percentile par nombre de réponses
Votre historique - résultats
Vous n’avez pas pris ce quiz